000 00268nam a2200097Ia 4500
008 241105s9999 xx 000 0 und d
041 _aeng
100 _aVaze Angelika
_9182604
245 _aYoga Resort At Cabo De Rama Fort Goa
260 _bFinal Year B. Arch, BNCA
_c2014
999 _c360895
_d360895